Normal view
MARC view
Entry Personal Name
001 - CONTROL NUMBER
- control field: 24498
003 - CONTROL NUMBER IDENTIFIER
- control field: dpl
005 - DATE AND TIME OF LATEST TRANSACTION
- control field: 20101129141931.0
008 - FIXED-LENGTH DATA ELEMENTS
- fixed length control field: 101129|||a|||||| | ||| d
040 ## - CATALOGING SOURCE
- Original cataloging agency: dpl
- Transcribing agency: dpl
100 ## - HEADING--PERSONAL NAME
- Personal name: मिश्र, भगवतीशरण
670 ## - SOURCE DATA FOUND
- Source citation: Work cat.: (dpl)40696: मिश्र, भगवतीशरण, मैं राम बोल रहा हूँ /, 2010
670 ## - SOURCE DATA FOUND
- Source citation: Work cat.: (dpl)40696: मिश्र, भगवतीशरण, मैं राम बोल रहा हूँ /, 2010
